Perlaksanaan perkerasan jalan konstruksi asbuton

Bibliographic Details
Main Author: Dalimin (Author)
Format: Book
Published: Jakarta Lestari 1980
Subjects:

MARC

LEADER 00000cam a2200000 7i4500
001 0000000290
008 021118n
090 0 0 |a TE210.5.B5  |b D3 
100 0 |a Dalimin  |e author 
245 0 0 |a Perlaksanaan perkerasan jalan konstruksi   |b asbuton   |c Dalimin 
260 2 |a Jakarta   |b Lestari  |c 1980 
300 |a 150 ms. ;  |c 21 sm. 
650 0 |a Road construction 
999 |a 1000035559  |b Book  |c OPEN SHELF (30 DAYS)  |e Gong Badak Campus 
999 |a 1000035560  |b Book  |c Close Access  |e Gong Badak Campus